[Event "Petroupoli op 2nd"]
[Site "Petroupoli"]
[Date "2007.05.12"]
[Round "1"]
[White "Xiropoulou, Alexandra"]
[Black "Lymperopoulos, Georgios"]
[Result "0-1"]
[WhiteElo "1005"]
[BlackElo "1847"]
[PlyCount "52"]
[EventDate "2007.05.12"]
[EventType "swiss"]
[EventRounds "7"]
[EventCountry "GRE"]
[SourceTitle "EXT 2008"]
[Source "ChessBase"]
[SourceDate "2007.11.25"]
[SourceVersion "1"]
[SourceVersionDate "2007.11.25"]
[SourceQuality "1"]

1. e4 c5 2. Nf3 e6 3. Nc3 Nc6 4. d3 d6 5. d4 cxd4 6. Nxd4 Nf6 7. Bb5 Bd7 8. Qd3 Be7 9. a3 0-0 10. 0-0 Rc8 11. Be3 Ne5 12. Qe2 a6 13. Ba4 Rxc3 14. bxc3 Bxa4 15. Rab1 Qc7 16. Bf4 Rc8 17. Rfc1 b5 18. Rb4 Qxc3 19. Bd2 Qc7 20. h3 Nc4 21. Be1 d5 22. exd5 Nxd5 23. Rbb1 Nxa3 24. Rb2 Bf6 25. Bb4 Nc4 26. Nxe6 Qe5 0-1